| 000 | 01040cab a22002655a 4500 | ||
|---|---|---|---|
| 001 | L140768 | ||
| 008 | 071009e20071006xxkdo f s 000 0 eng d | ||
| 035 | _a(Sirsi) u140768 | ||
| 041 | 0 | _aeng | |
| 100 | 1 | _aMeadwell, Stacey | |
| 245 | 0 | 0 | _aCentral and Eastern Europe |
| 260 | _c2007 | ||
| 490 | 0 |
_aEstates Gazette _v(0740) 6 October 2007, 173-191(9) |
|
| 520 | _aPreviews Expo Real 2007. Explains how Germany has increased its share of European property investment from 10% 2004-5 to 25% in 2007. Assesses investment prospects in Romania and Bulgaria. Reports on the Russian investment market and the potential pitfalls for investors. Discusses how far should political risk be a factor in investment pricing. | ||
| 590 | _aKA | ||
| 651 | 4 |
_aUnited Kingdom _y |
|
| 651 | 4 | _aEurope | |
| 690 | _aPROPERTY-INVESTMENT PROPERTY | ||
| 690 | _aPROPERTY-COMMERCIAL PROPERTY-COMMERCIAL PROPERTY MARKET | ||
| 700 | 1 | _aNeale, Jon | |
| 700 | 1 | _aCunningham, Daniel | |
| 700 | 1 | _aAlexander, Mark | |
| 700 | 1 | _aThame, David | |
| 942 | _n0 | ||
| 999 |
_c79343 _d79343 |
||